NBA Players With The Most Ejections - Statistics

General Stats
  • This quiz has been taken 51 times
  • The average score is 5 of 11
Answer Stats
Ejections Player % Correct
20 Draymond Green
89%
29 Rasheed Wallace
74%
12 Dennis Rodman
65%
14 Shaquille O'Neal
61%
16 Charles Barkley
37%
12 Reggie Miller
35%
17 Dwight Howard
30%
14 DeMarcus Cousins
26%
13 Matt Barnes
17%
16 Anthony Mason
15%
12 Kenyon Martin
15%
No matching quizzes found
Score Distribution
Percent of People with Each Score
Percentile by Number Answered
Your Score History
You have not taken this quiz